|
|
|
|
| LEADER |
00614nam a2200181 i 4500 |
| 001 |
c000100708 |
| 003 |
CARM |
| 005 |
00000000000000.0 |
| 008 |
810322s1966 ukk 00001 eng d |
| 019 |
1 |
|
|a 6358271
|5 LACONCORD2021
|
| 035 |
|
|
|a (OCoLC)30276436
|5 LACONCORD2021
|
| 100 |
1 |
|
|a Miller, Wade.
|
| 245 |
1 |
0 |
|a Uneasy street.
|
| 260 |
|
|
|a London :
|b Allen,
|c 1966.
|
| 300 |
|
|
|a 208p.
|
| 852 |
8 |
|
|b CARM
|h A2:AI28G0
|i A02035
|p 0133805
|f BK
|
| 999 |
f |
f |
|i 128a6133-f712-5cdd-9c4a-bbec5a1d8db4
|s 2dc727fc-68a1-5ff7-b1f4-10c2fd372114
|
| 952 |
f |
f |
|p Can circulate
|a CAVAL
|b CAVAL
|c CAVAL
|d CARM 1 Store
|e A02035
|f A2:AI28G0
|h Other scheme
|i book
|m 0133805
|